| Поле | Название | Значение |
| |
Тип записи |
a |
| |
Библиографический уровень |
m |
| 001 |
Контрольный номер |
1121fdfb74e048dda70828b5282775ee |
| 005 |
Дата корректировки |
20240520123233.9 |
| 010 |
Индекс ISBN |
__ |
| a |
ISBN |
978-5-17-112574-5 |
| d |
Цена |
159-50, 5000 экз. |
| 100 |
Данные общей обработки |
__ |
| a |
Данные общей обработки |
19191004|2018||||||| 0rusy0189 ca |
| 101 |
Язык документа |
0_ |
| a |
Язык текста |
rus |
| 102 |
Страна публикации |
__ |
| a |
Страна публикации |
ru| |
| 102 |
Страна публикации |
__ |
| a |
Страна публикации |
RU |
| 105 |
Кодированные данные (монография) |
__ |
| a |
Кодированные данные (монография) |
||||||||000zy |
| 200 |
Заглавие и сведения об ответственности |
1_ |
| a |
Заглавие |
Прокляты и убиты |
| e |
Сведения, относящиеся к заглавию |
роман |
| f |
Первые сведения об ответственности |
Виктор Астафьев |
| b |
Общее обозначение материала |
Текст |
| 210 |
Выходные данные |
1_ |
| a |
Место издания |
Москва |
| a |
Место издания |
АСТ |
| c |
Издательство |
N |
| d |
Дата издания |
2018 |
| 215 |
Физическое описание |
__ |
| a |
Объем |
893, [2] с. |
| d |
Формат |
21 см |
| 225 |
Серия |
2_ |
| a |
Серия |
Эксклюзив |
| i |
Наименование части |
Русская классика |
| 225 |
Серия |
2_ |
| a |
Серия |
Книги, изменившие мир. Писатели, объединившие поколения |
| 330 |
Аннотация |
__ |
| a |
Аннотация |
Над романом-эпопеей "Прокляты и убиты" Астафьев работал долго - с 1990 по 1994 гг. - и так и не написал запланированной последней, третьей книги, однако это не помешало произведению стать одним из самых сильных и пронзительных образцов российской "военной" прозы. Необычно уже само название романа, пришедшее из писаний русских старообрядцев: "Все, кто сеет на земле смуту, войны и братоубийство, будут Богом прокляты и убиты". Столь же необычно в этой эпопее все - идея войны как наказания Божия, посланного народу за ужасы революции и отказ от веры; предельный реализм в описаниях солдатского быта; удивительно искренний и народный патриотизм, сочетающийся со столь же глубинным и народным неприятием "советчины". Ничего подобного в русской "военной" прозе не было ни до, ни после удивительной эпопеи Астафьева. |
| 333 |
Примечание о целевом назначении |
__ |
| a |
Примечание о целевом назначении |
18+. Запрещено для детей |
| 606 |
Тематические рубрики |
__ |
| a |
Основная рубрика |
Художественная литература |
| 606 |
Тематические рубрики |
__ |
| a |
Основная рубрика |
Русская литература XX в. (произведения) |
| 610 |
Ключевые слова |
0_ |
| a |
Ключевые слова |
романы |
| 610 |
Ключевые слова |
0_ |
| a |
Ключевые слова |
советская литература |
| 610 |
Ключевые слова |
0_ |
| a |
Ключевые слова |
тема войны |
| 610 |
Ключевые слова |
0_ |
| a |
Ключевые слова |
тема памяти |
| 610 |
Ключевые слова |
0_ |
| a |
Ключевые слова |
тема подвигов |
| 610 |
Ключевые слова |
0_ |
| a |
Ключевые слова |
тема солдат |
| 610 |
Ключевые слова |
0_ |
| a |
Ключевые слова |
тема страданий |
| 610 |
Ключевые слова |
0_ |
| a |
Ключевые слова |
тема судьбы |
| 610 |
Ключевые слова |
0_ |
| a |
Ключевые слова |
тема человека |
| 686 |
Индексы других классификаций |
__ |
| 2 |
Код системы |
rubbks |
| a |
Классификационный индекс |
84(2=411.2)6-4; ст84(2=411.2)6-4 |
| 700 |
Автор |
_1 |
| a |
Фамилия |
Астафьев |
| b |
Имя |
В. П. |
| f |
Даты |
1924-2001 |
| g |
Полное личное имя |
Виктор Петрович |
| 4 |
Код отношения |
070 |
| 801 |
Источник записи |
_0 |
| a |
Страна |
ru |
| b |
Организация |
Муниципальное бюджетное учреждение культуры "Централизованная библиотечная система" г. Сургут (Центральная городская библиотека им. А. С. Пушкина) |
| c |
Дата составления |
20191004 |
| g |
Правила каталогизации |
PSBO |
| 801 |
Источник записи |
_1 |
| a |
Страна |
ru |
| b |
Организация |
Муниципальное бюджетное учреждение культуры "Централизованная библиотечная система" г. Сургут (Центральная городская библиотека им. А. С. Пушкина) |
| c |
Дата составления |
20191004 |
| g |
Правила каталогизации |
PSBO |
| 852 |
Данные о местонахождении |
__ |
| j |
Шифр хранения |
84(2=411.2)6-4 |
| i |
Авторский знак |
А 91 |
| 901 |
Тип документа |
__ |
| t |
Тип документа |
m |
| a |
Ответственный |
КиК/Мамарузиева |
| 903 |
Характеристики (МАРС) |
__ |
| a |
Дата передачи |
20191004 |
| 990 |
Данные о заказе (DOS) |
__ |
| j |
Количество экземпляров (DOS) |
7 |
| t |
N записи в КСУ для И/У (DOS) |
201910 |